000
00234 a2200121 4500
020
_a
9781933932719
041
_a
eng
100
_a
Osborne, Mary Pope
245
_a
Tornado en martes
500
_a
942
_c
BK
999
_c
11101
_d
11101
999
_d
11101